000 00554cam a2200181 4500500
005 20260405002505.0
041 _afre
042 _adc
100 1 0 _aLacroix, Alexandre
_eauthor
245 0 0 _a“N’avons-nous que ce que nous méritons ?”
260 _c2017.
500 _a94
690 _aCharles Pépin
690 _aMérite
690 _aSexe
786 0 _nPhilosophie magazine | 112 | 9 | 2017-09-01 | p. 6-6 | 1951-1787
856 4 1 _uhttps://shs.cairn.info/magazine-philosophie-magazine-2017-9-page-6?lang=fr&redirect-ssocas=7080
999 _c2058159
_d2058159